Finanzielle Repression und Liberalisierung in einer Planwirtschaft Dargestellt am Beispiel der Volksrepublik China seit der Wirtschaftsreform. Dissertation
Salvato in:
| Autore principale: | |
|---|---|
| Ente Autore: | |
| Natura: | Libro |
| Lingua: | tedesco |
| Pubblicazione: |
Regensburg
1990
|
| Soggetti: | |
| Tags: |
Nessun Tag, puoi essere il primo ad aggiungerne!!
|
MARC
| LEADER | 00000nam a2200000 4500 | ||
|---|---|---|---|
| 001 | c005183 | ||
| 005 | 20230116085913.0 | ||
| 041 | 0 | |a ger | |
| 044 | |a DE | ||
| 245 | 1 | 0 | |a Finanzielle Repression und Liberalisierung in einer Planwirtschaft |b Dargestellt am Beispiel der Volksrepublik China seit der Wirtschaftsreform. Dissertation |c Min Shui |
| 264 | 1 | |a Regensburg |c 1990 | |
| 300 | |a 103 s. | ||
| 610 | 2 | 0 | |a Čína |
| 610 | 2 | 0 | |a liberalizácia |
| 610 | 2 | 0 | |a intenzifikácia |
| 610 | 2 | 0 | |a financie |
| 610 | 2 | 0 | |a investície |
| 610 | 2 | 0 | |a modely investícií |
| 610 | 2 | 0 | |a modely rastu |
| 610 | 2 | 0 | |a modely ekonomické |
| 610 | 2 | 0 | |a analýza ekonomická |
| 610 | 2 | 0 | |a reformy hospodárske |
| 610 | 2 | 0 | |a úrok |
| 610 | 2 | 0 | |a banky |
| 610 | 2 | 0 | |a úver |
| 610 | 2 | 0 | |a ceny |
| 610 | 2 | 0 | |a rast hospodársky |
| 100 | 1 | |a Shui, Min | |
| 710 | 2 | |a Universität Regensburg | |